Giúp bạn ôn thi đại học /

Đã lưu trong:
Sonraí Bibleagrafaíochta
Údar Corparáideach: Vật lí và tuổi trẻ.
Formáid: Bài viết
Teanga:Vietnamese
Ábhair:
Clibeanna: Cuir Clib Leis
Gan Chlibeanna, Bí ar an gcéad duine leis an taifead seo a chlibeáil!
Thư viện lưu trữ: Thư viện Trường Đại học Đà Lạt
LEADER 00718nam a2200253 4500
001 DLU110119563
005 ##20110409
040 # # |a DLU  |b vie 
041 # # |a vie 
044 # # |a vn 
245 # # |a Giúp bạn ôn thi đại học /  |c Vật lí và tuổi trẻ. 
653 # # |a Động lực học 
653 # # |a Vật rắn 
710 # # |a Vật lí và tuổi trẻ. 
773 # # |t Vật lý và tuổi trẻ  |g Số 9(61), 2008, tr. 22-25 
920 # # |a Phòng Tạp chí -- Trung tâm Thông tin - Thư viện Trường Đại học Đà Lạt 
994 # # |a DLU 
900 # # |a True 
911 # # |a Nguyễn Thị Linh Chi 
925 # # |a G 
926 # # |a A 
927 # # |a BB 
980 # # |a Thư viện Trường Đại học Đà Lạt